El maltrato en el servicio militar a través de la prensa /
Gardado en:
| Autor Principal: | |
|---|---|
| Formato: | Texto |
| Idioma: | Spanish |
| Etiquetas: |
Engadir etiqueta
Sen Etiquetas, Sexa o primeiro en etiquetar este rexistro!
|
MARC
| LEADER | 00000 a a2200000 04500 | ||
|---|---|---|---|
| 001 | 38594 | ||
| 003 | cru CIDCACS/IIS | ||
| 005 | 20190214154412.0 | ||
| 007 | ta | ||
| 008 | 190214b1996 cl |||||r||||||0| ||spa|| | ||
| 999 | |c 42181 |d 42181 | ||
| 040 | |c cru CIDCACS/IIS | ||
| 100 | 1 | |9 8328 |a Fuentes S., Claudio | |
| 245 | 1 | 3 | |a El maltrato en el servicio militar a través de la prensa / |c Claudio Fuentes S. |
| 300 | |a páginas 6-14: |b tablas | ||
| 773 | 0 | |0 42179 |9 2650 |a FLACSO, Chile |d Santiago, Chle: FLACSO ; CLADDE |o 17897 |t Revista fuerzas armadas y sociedad / |w (cru CIDCACS/IIS)38594 |x 07171498 | |
| 942 | |2 ddc |c PP | ||
